000 00838cab a2200217 4500
001 ##L134842
008 060905n2006 000 0 eng u
035 _a(Sirsi) u134842
041 _aeng
100 1 _aRivera, Anita
245 0 0 _aNot always so appealing
260 _c2006
490 0 _aEstates Gazette
_v(0635) 2 September 2006, 140-141(2)
520 _aThis "Mainly for students" article discusses the appeal procedure in relation to planning applications that have been refused or where the local authority has not reached a decision within the specified time.
590 _aIKA190906
650 2 4 _aDETR CIRCULAR 05/2000
651 4 _aEngland and Wales
_y1543-
690 _aENVIRONMENTAL AND LAND CONSULTANCY-PLANNING AND DEVELOPMENT-DEVELOPMENT CONTROL-PLANNING APPLICATIONS
700 1 _aYouren, Sarah
942 _n0
999 _c77677
_d77677